01185nam2a2200193 4500001001100000005001700011035002600028100004100054101000800095102000700103105001800110200008800128210000900216461067500225700002700900801001800927801002200945852002400967rc\304267520260315071358.0 a(NLR Aleph) 007208833 a20111006d1949 u y0rusy50 ca0 arus aRU ay z |||||1 aМатериалы к проблеме привыкания к наркотикам d1949 01001rc\304257412001#$aˆ[‰Тезисы к диссертациям]$eСерия 2 [на соискание ученой степени кандидата медицинских наук]$eВып. 1-$fМед.-сан. упр. ВМФ. Воен. мор. мед. акад.$vВып. 102[1]aВоенно-морская медицинская академия (Ленинград)cКировd1942fМед.-сан. упр. ВМФ. Воен. мор. мед. акад.nБ. и.oСерия 2 [на соискание ученой степени кандидата медицинских наук] : Вып. 1-tˆ[‰Тезисы к диссертациям]vВып. 102[1] 1aПарибокbВ.П. 0aRUbNLRgpsbo 1aRUbELAR2rusmarc aNLRjМд50 Г-4/31